Estimation and tracking : principles, techniques, and software
Αποθηκεύτηκε σε:
| Κύριος συγγραφέας: | |
|---|---|
| Άλλοι συγγραφείς: | |
| Μορφή: | Βιβλίο |
| Γλώσσα: | English |
| Δημοσίευση: |
Boston :
Artech House,
c1993
|
| Θέματα: | |
| Ετικέτες: |
Προσθήκη ετικέτας
Δεν υπάρχουν, Καταχωρήστε ετικέτα πρώτοι!
|
MARC
| LEADER | 00000nam a2200000 i 4500 | ||
|---|---|---|---|
| 001 | 1/49749 | ||
| 008 | 950913s1993 eng d | ||
| 020 | |a 0-89006-643-4 | ||
| 035 | |1 ΕΛΗ |a 1995 |b 1807 |c ΚΑΤΣΙΚΑΣ |l 10043693 | ||
| 040 | |a GR-MY-UA |b gre |e aacr | ||
| 041 | 0 | |a eng | |
| 082 | 0 | |a 621.3848 | |
| 100 | 1 | |a Bar-Shalom, Yaakov. | |
| 245 | 1 | 0 | |a Estimation and tracking : |b principles, techniques, and software / |c Yaakov Bar-Shalom, Xiao-Romg Li |
| 260 | |a Boston : |b Artech House, |c c1993 | ||
| 300 | |a xxii, 511 p.; |c 29 cm. | ||
| 500 | |a Includes bibliographical references (p. 493-500) and index | ||
| 650 | 0 | 0 | |a Tracking radar. |
| 650 | 0 | 0 | |a Estimation theory. |
| 700 | 1 | |a Li, Xiao-Rong. | |
| 852 | |a INST |b SAMOS |e 19950913 |h 621.3848 BAR |p 005300012094 |q 005300012094 |t BK |y 0 | ||
| 901 | |a BIBL-1997-2 | ||
| 909 | |a Σ |b 051514 | ||